000
00336 a2200109 4500
001
ART_55566
005
20260410161829.0
008
260409a
245
1
0
_a
Retenciones con tipo de cambio flexible
100
1
_a
Beker, Víctor Alberto
773
0
_t
Estudios Económicos
_g
- Vol. 36, Nº 73 (jul./dic. 2019)
_w
REV5080
999
_c
23083
_d
23083